| 000 | 00757nam a2200229 a 4500 | ||
|---|---|---|---|
| 001 | 17684 | ||
| 003 | CO-ViMGA | ||
| 008 | 141112s2004 ck r 000 u spa d | ||
| 020 | _a8472901580 | ||
| 040 |
_aCO-ViMGA _bspa _cCO-ViMGA |
||
| 082 | 0 | 4 | _a324.3 A813 |
| 100 | 1 |
_aAubet, María Jose; Tremosa, Laura; Carrasco, Cristina _925088 |
|
| 245 | 1 | 0 | _aMujer y ciudadania . Del derecho al voto....al pleno derecho |
| 260 |
_aBarcelona (España), _cBellaterra, _c2001 |
||
| 300 | _a121.p. | ||
| 490 | _aLa biblioteca del ciudadano | ||
| 590 | _aForma de adquisición : Premio - Mincultura | ||
| 650 | 1 | 4 |
_aMUJERES - SITUACION LEGAL _925089 |
| 650 | 1 | 4 |
_aSUFRAGIO FEMENINO - HISTORIA _925090 |
| 650 | 1 | 4 |
_aVOTO DE LA MUJER - HISTORIA _925091 |
| 942 |
_2ddc _cBK |
||
| 999 |
_c27171 _d27171 |
||